000 00455nam a2200145Ia 4500
008 100204s9999 xx 000 0 und d
082 _b12106
100 _aआशू रावजी / दिनू कानडे
245 _aकालिंदी
260 _b"डॉल्फिन लायब्ररी, गोवा"
_c1988
300 _a189
630 _aकालिंदी
730 _aकालिंदी
942 _cBOOK
999 _c456540
_d456537